| 000 | 00541nam a2200181Ia 4500 | ||
|---|---|---|---|
| 003 | OSt | ||
| 005 | 20250806110822.0 | ||
| 008 | 210210b1947 xxu||||| |||| 00| 0 eng d | ||
| 040 | _cAL | ||
| 041 | _akan | ||
| 082 | _a853/265 | ||
| 100 |
_aBETADURA (K S) _9161410 _dಬೆಟದೂರ (ಕೆಎಸ್) |
||
| 245 |
_aVIrarani belavadi mallamma: _bವೀರರಾಣಿ ಬೆಳವಾಡಿ ಮಲ್ಲಮ್ಮ |
||
| 260 |
_aHubballi _bCity Book Depot., _c1947 |
||
| 690 |
_aKannada Drama _9161411 |
||
| 906 | _a019539 | ||
| 942 |
_2ddc _cBK |
||
| 999 |
_c143669 _d143669 |
||